Polymer nanocomposites based on inorganic and organic nanomaterials
"This book covers all aspects of the different classes of nanomaterials - from synthesis to application. It investigates in detail the use and feasibility of developing nanocomposites with these nanomaterials as reinforcements. The book encompasses synthesis and properties of cellulose nanofibers,...
Salvato in:
| Altri autori: | , , , |
|---|---|
| Natura: | Libro |
| Lingua: | inglese |
| Pubblicazione: |
Hoboken, New Jersey
Wiley Wiley & Sons Inc.
2015
|
| Serie: | Polymer science and plastics engineering
|
| Soggetti: | |
| Accesso online: | Cover image Visualizza in OPAC |
| Tags: |
Nessun Tag, puoi essere il primo ad aggiungerne!!
|
MARC
| LEADER | 00000cam a22000008i 4500 | ||
|---|---|---|---|
| 005 | 20260127134329.0 | ||
| 008 | 150921s2015 nju 001 0 eng | ||
| 010 | |a 2015-020644 | ||
| 020 | |a 9781118385098 (hardback) | ||
| 035 | |a vtls010869735 | ||
| 039 | 9 | |a 201509211256 |b mschk03 |y 201509211254 |z mschk03 | |
| 040 | |a DLC |b eng |e rda |c DLC |d STUSCHK1 | ||
| 042 | |a pcc | ||
| 080 | 0 | 0 | |a 620.1/15 |2 23 |
| 245 | 0 | 0 | |a Polymer nanocomposites based on inorganic and organic nanomaterials |c edited by Smita Mohanty, Sanjay K. Nayak, B.S. Kaith and Susheel Kalia |
| 260 | 1 | |a Hoboken, New Jersey |b Wiley Wiley & Sons Inc. |c 2015 | |
| 263 | |a 1508 | ||
| 300 | |a xv, 581 p. |b ill. |c 24 cm | ||
| 336 | |a text |b txt |2 rdacontent | ||
| 337 | |a unmediated |b n |2 rdamedia | ||
| 338 | |a volume |b nc |2 rdacarrier | ||
| 490 | 0 | |a Polymer science and plastics engineering | |
| 500 | |a Includes index | ||
| 520 | |a "This book covers all aspects of the different classes of nanomaterials - from synthesis to application. It investigates in detail the use and feasibility of developing nanocomposites with these nanomaterials as reinforcements. The book encompasses synthesis and properties of cellulose nanofibers, bacterial nanocellulose, carbon nanotubes / nanofibers, graphene, nanodiamonds, nanoclays, inorganic nanomaterials and their nanocomposites for high-end applications such as electronic devices, energy storage, structural and packaging. The book also provides insight into various modification techniques for improving the functionality of nanomaterials apart from their compatibility with the base matrix"-- |c Provided by publisher. | ||
| 520 | |a "This book covers all aspects of the different classes of nanomaterials -- from synthesis to application. It investigates in detail the use and feasibility of developing nanocomposites with these nanomaterials as reinforcements"-- |c Provided by publisher. | ||
| 650 | 0 | |a Nanostructured materials | |
| 650 | 7 | |a TECHNOLOGY & ENGINEERING / Chemical & Biochemical. |2 bisacsh | |
| 700 | 1 | |a Nayak, Sanjay K. |4 edt | |
| 700 | 1 | |a Kaith, B.S. |4 edt | |
| 700 | 1 | |a Kalia, Susheel |4 edt | |
| 700 | 1 | |a Mohanty, Smita, |d 1976- |4 edt | |
| 856 | 4 | 2 | |3 Cover image |u http://catalogimages.wiley.com/images/db/jimages/9781118385098.jpg |
| 906 | |a 7 |b cbc |c orignew |d 1 |e ecip |f 20 |g y-gencatlg | ||
| 910 | |a SCHK95 | ||
| 919 | |a 978-1-118-38509-8 | ||
| 925 | 0 | |a acquire |b 1 shelf copy |x policy default | |
| 955 | |w xl03 2015-06-16 | ||
| 963 | |a Lesly Jean; phone: 201-748-6312; email: ljean@wiley.com; bc: jepeters@wiley.com | ||
| 999 | |c 10044 |d 10044 | ||